Loading...
| Science - Chemistry | 0 | 6 | 3 | 0 | 45 | 53 | 57.83 | 0 | 4 | 0.00 | 0.00 |
| Science - Physics | 0 | 5 | 2 | 0 | 40 | 40 | 56.40 | 1 | 4 | 0.00 | 0.00 |
| Science - Biology | 0 | 4 | 0 | 1 | 40 | 46 | 69.75 | 0 | 1 | 0.00 | 0.00 |
| Fine Arts - Classical Music | 0 | 4 | 2 | 0 | 30 | 35 | 61.75 | 2 | 2 | 0.00 | 0.00 |
| History - American | 0 | 3 | 1 | 1 | 25 | 43 | 66.67 | 1 | 1 | 0.00 | 0.00 |
| History - World | 0 | 1 | 0 | 0 | 10 | 61 | 61.00 | 0 | 1 | 0.00 | 0.00 |
| History - European | 0 | 1 | 0 | 0 | 10 | 47 | 47.00 | 0 | 1 | 0.00 | 0.00 |
| History - Other | 0 | 1 | 0 | 0 | 10 | 82 | 82.00 | 0 | 1 | 0.00 | 0.00 |
| Mythology | 0 | 2 | 2 | 0 | 10 | 37 | 54.50 | 2 | 2 | 0.00 | 0.00 |
| Religion | 0 | 2 | 2 | 0 | 10 | 68 | 96.00 | 0 | 0 | 0.00 | 0.00 |
| Current Events | 0 | 1 | 1 | 0 | 5 | 31 | 31.00 | 1 | 1 | 0.00 | 0.00 |
| Fine Arts - Other | 0 | 1 | 1 | 0 | 5 | 100 | 100.00 | 0 | 1 | 0.00 | 0.00 |
| Science - Other | 0 | 1 | 2 | 0 | 0 | 58 | 58.00 | 1 | 1 | 0.00 | 0.00 |